000 00377nam a2200157Ia 4500
005 20250317165157.0
008 240331s9999 xx 000 0 und d
020 _a9788189359751
082 _bJEE
_a891
100 _aJeesudasan,H
245 0 _aPuttam Viitu
260 _aNagarcoil
_bKalachuvadu pathipagam
_c2009
300 _a157 p .,
650 _aShort Stories
942 _cL
999 _c5421
_d5421